Hortus malabaricus V 12 (Record no. 346761)

MARC details
000 -LEADER
fixed length control field 002990000a22001210004500
060 ## - NATIONAL LIBRARY OF MEDICINE CALL NUMBER
Classification number 100
082 ## - DEWEY DECIMAL CLASSIFICATION NUMBER
Classification number 581.012095483 TOT.12
100 ## - MAIN ENTRY--PERSONAL NAME
Personal name Henricum, Von Rhede
100 ## - MAIN ENTRY--PERSONAL NAME
Personal name Tot, Drakestein
245 ## - TITLE STATEMENT
Title Hortus malabaricus V 12
260 ## - PUBLICATION, DISTRIBUTION, ETC. (IMPRINT)
Place of publication, distribution, etc. Amsterdam, Henrici & viduae Theodori Boom
942 ## - ADDED ENTRY ELEMENTS (KOHA)
Koha item type Books (General)
Holdings
Withdrawn status Lost status Damaged status Not for loan Home library Current library Date acquired Total Checkouts Full call number Barcode Date last seen Price effective from Koha item type
        College of Agriculture, Vellayani College of Agriculture, Vellayani 02/05/2014   581.012095483 TOT.12 KAU_COAV-22660 02/05/2014 02/05/2014 Books (General)
Kerala Agricultural University Central Library
Thrissur-(Dt.), Kerala Pin:- 680656, India
Ph : (+91)(487) 2372219
E-mail: librarian@kau.in
Website: http://library.kau.in/